000
00278nam a22001217a 4500
082
_a
621.3 DAW
100
_a
DAWES
_9
77481
245
_a
DAWES ELECTRICAL ENGINEERING DIRECT CURRENT
250
_a
VOL-I
260
_a
NEW YORK
_b
MCGRAW HILL
_c
1952
300
_a
736P
942
_c
BK
999
_c
582740
_d
582740